000
00277nam a22001217a 4500
008
170622b xxu||||| |||| 00| 0 eng d
041
_a
eng
080
_a
32
100
_a
20
101
_a
SHM
245
_a
CHOICE IN AMERICAN FOREIGN POLICY
_c
COBBLEDICK, J.R
942
_2
udc
_c
BK
999
_c
18754
_d
18754